Top 10 NBA Rebounds Per Decade - Statistics

General Stats
  • This quiz has been taken 765 times
    229 since last reset
  • The average score is 35 of 80
Answer Stats
Decade Player REB % Correct
2000s Shaquille O'Neal 7 029
93%
1960s Wilt Chamberlain 19 112
90%
2010s LeBron James 5 573
88%
1960s Bill Russell 17 501
87%
2020s Nikola Jokić 6 031
87%
1990s Hakeem Olajuwon 8 000
85%
1990s David Robinson 7 881
83%
2000s Tim Duncan 8 999
82%
2010s DeAndre Jordan 8 653
81%
1990s Dennis Rodman 9 964
81%
1980s Kareem Abdul-Jabbar 5 980
81%
1970s Kareem Abdul-Jabbar 11 460
81%
1990s Karl Malone 8 427
77%
1980s Moses Malone 10 269
77%
2010s Dwight Howard 8 077
76%
2020s Giannis Antetokounmpo 5 038
74%
2000s Kevin Garnett 9 288
71%
1990s Patrick Ewing 7 733
71%
2020s Rudy Gobert 6 297
71%
1990s Charles Barkley 7 677
69%
2010s Pau Gasol 6 218
67%
2010s Andre Drummond 7 424
66%
2000s Ben Wallace 8 500
65%
2020s Domantas Sabonis 5 546
65%
1980s Robert Parish 8 195
63%
1990s Dikembe Mutombo 7 282
62%
2000s Dirk Nowitzki 7 020
62%
1960s Bob Pettit 7 256
61%
1950s Bob Pettit 5 593
61%
1970s Wes Unseld 10 511
56%
1970s Elvin Hayes 11 565
53%
2020s Clint Capela 4 624
48%
1960s Elgin Baylor 9 786
48%
2020s Nikola Vučević 5 270
46%
2010s Kevin Love 6 663
45%
1980s Larry Bird 7 319
44%
1970s Bob McAdoo 6 421
43%
1950s Dolph Schayes 8 413
42%
1980s Bill Laimbeer 7 957
41%
1990s Shawn Kemp 7 111
41%
2010s LaMarcus Aldridge 6 473
40%
1970s Dave Cowens 9 636
39%
2010s DeMarcus Cousins 6 131
39%
1970s Nate Thurmond 7 062
39%
1960s Nate Thurmond 7 402
39%
1980s Buck Williams 7 576
38%
2020s Bam Adebayo 4 778
37%
2020s Jonas Valančiūnas 4 888
37%
1980s Larry Smith 6 440
34%
1980s Artis Gilmore 5 977
31%
2020s Ivica Zubac 4 607
31%
2020s Jarrett Allen 4 655
31%
2000s Marcus Camby 6 313
28%
1960s Jerry Lucas 8 831
26%
1970s Bob Lanier 7 690
25%
2010s Zach Randolph 6 009
25%
2000s Shawn Marion 7 384
22%
1960s Walt Bellamy 9 716
21%
1990s Charles Oakley 6 804
20%
1980s Jack Sikma 8 192
20%
2010s Marcin Gortat 6 105
17%
2000s Elton Brand 6 520
16%
1990s Kevin Willis 7 558
16%
1950s Neil Johnston 5 856
13%
2000s Lamar Odom 5 859
12%
1950s Vern Mikkelsen 5 940
12%
1970s Paul Silas 8 737
10%
2000s Antawn Jamison 6 101
9%
1950s Jack Coleman 5 186
8%
1960s Bailey Howell 8 392
5%
1950s Harry Gallatin 6 684
5%
1960s Rudy LaRusso 6 936
5%
1970s Sam Lacey 8 120
5%
1950s Larry Foust 6 703
4%
1960s Wayne Embry 6 947
3%
1950s Arnie Risen 5 011
2%
1970s Clifford Ray 6 270
2%
1950s Chuck Share 4 765
1%
1980s Dave Greenwood 6 238
1%
1950s Joe Graboski 5 225
1%
No matching quizzes found
Score Distribution
Percent of People with Each Score
Percentile by Number Answered
Your Score History
You have not taken this quiz since the last reset